| 000 | 00357nam a22001217a 4500 | ||
|---|---|---|---|
| 082 | _a200 THE | ||
| 100 |
_aRABIA QURESHI. _970084 |
||
| 245 | _aTH-SOF-1237-Designing Acceptance Test plan Template for acceptanc | ||
| 260 |
_aIslamabad _bNUST College of EME _c2015 |
||
| 650 | _aMS-CSE-11 MSTHESIS | ||
| 700 | _aSupervisor Dr.SHOAB AHMED KHAN | ||
| 942 | _cCF | ||
| 999 |
_c577128 _d577128 |
||